000 00283nam a2200121Ia 4500
008 190216s9999||||xx |||||||||||||| ||und||
100 _aSagreiya K P
245 0 _aForests And Forestry
260 _bNational Book Trust India
_c1988
300 _a218p
650 _aBotany
942 _cBK
999 _c1092
_d1092